| 000 | 00531nam a2200169Ia 4500 | ||
|---|---|---|---|
| 003 | OSt | ||
| 005 | 20201207111808.0 | ||
| 008 | 190216s9999||||xx |||||||||||||| ||und|| | ||
| 020 | _a8170350875 | ||
| 040 | _coclc | ||
| 082 |
_a344.0920954 _bVEN/I |
||
| 100 |
_aVenkatappaiah, V _97243 |
||
| 245 | 0 |
_aIndian Library Legislation : Union Library Bills And Acts / _c V Venkatappaiah |
|
| 260 |
_bDaya Publicaion, _c1990. _aDelhi: |
||
| 300 | _a179p | ||
| 942 |
_cREF _2ddc _h344.0920954 _iVEN/I _k344.0920954 _mVEN/I |
||
| 999 |
_c36220 _d36220 |
||